000 01445nam0a2200361 4500
001 RU\NLR\bibl\33765
005 20260409072734.0
010 _a5-89081-016-2
_9500
021 _aRU
_b99-10498
_9509
035 _a(NLR Aleph) 000032918
090 _a166348
_c166348
100 _a19990618d1999 k y0rusy50 ca
101 0 _arus
102 _aRU
105 _a|||||||||||||
200 1 _aВведение в изучение текста как лингвистического феномена
_e(Синтез запад. и вост. взглядов в обл. лингвистики)
_fЧан Ким Бао
_gВьетнам. науч.-техн. ассоц. в Рос. Федерации
210 _aМ.
_cТворчество
_d1999
215 _a198 с.
_cсхем., портр.
_d21
300 _aНа 2-й с. авт.: Чан Ким Бао, к.филол.н.
320 _aБиблиогр.: с.181-195
606 0 _aЯзыкознание и философия
_91523677
_3RU\NLR\auth\66662718
606 _aТекст (лингв.)
_3RU\NLR\auth\661077073
_91745069
606 0 _aСтилистика
_91007736
_3RU\NLR\auth\6665432
686 _aШ1в2
686 _aШ102.23
686 _aШ107.0
700 0 _4070
_8rus
_7ca
_aЧан Ким Бао
_3RU\NLR\AUTH\778771
_9118659
801 0 _aRU
_bNLR
_c19990618
_gPSBO
801 1 _aRU
_bNLR
_c19990618
852 _aNLR
_j99-3/5680
942 _cBOOK
980 _aNB